Statystyki dla Panstwa i stolice Azji

Kliknij tutaj aby rozwiązać quiz!

Ogólne statystyki

  • Ten quiz został rozwiązany 329 razy
  • Średni wynik to 9 z 15

Statystyki odpowiedzi

PaństwoStolica% Poprawnych
ChinyPekin
99%
JaponiaTokio
88%
KuwejtKuwejt
71%
IranTeheran
68%
MongoliaUłan Bator
67%
IrakBagdad
62%
WietnamHanoi
62%
AfganistanKabul
62%
FilipinyManila
62%
IndieDelhi
56%
PakistanIslamabad
56%
NepalKatmandu
51%
JemenSana
50%
LaosWientian
48%
OmanMaskat
43%

Rozkład punktacji

Percentyl według liczby udzielonych odpowiedzi

Procent ludzi z każdym wynikiem

Twoja historia wyników

Nie rozwiązałeś tego quizu